banner koha

Cobertura florestal secundaria em pequenas propriedades rurais na amazonia: implicacoes para a agricultura de corte e queima (Registro n. 291883)

MARC details
000 -LÍDER
campo de controle de tamanho fixo 01135nac a22003617a 4500
001 - NÚMERO DE CONTROLE
campo de controle BR0103467
003 - IDENTIFICADOR DO NÚMERO DE CONTROLE
campo de controle BR-BrBNA
005 - DATA E HORÁRIO DA ÚLTIMA TRANSAÇÃO
campo de controle 20240105122613.0
008 - CAMPO DE DADOS FIXOS--INFORMAÇÃO GERAL
campo de controle de tamanho fixo 230509b bl.|||m| |||| 00| 0 por d
040 ## - FONTE DA CATALOGAÇÃO
Instituição da catalogação original BR-BrBNA
Idioma da catalogação por
Instituição que transcreveu o registro Biblioteca Nacional de Agricultura
072 ## - CÓDIGO DE CATEGORIA DE ASSUNTO
Código de Categoria de Assunto K10
090 ## - NÚMERO DE CHAMADA LOCAL
Número de chamada K10 BR0103467
100 1# - ENTRADA PRINCIPAL--NOME PESSOAL
Nome pessoal Smith, J.
100 1# - ENTRADA PRINCIPAL--NOME PESSOAL
Nome pessoal Ferreira, M. do S.G.
100 1# - ENTRADA PRINCIPAL--NOME PESSOAL
Nome pessoal Kop, P. van de
100 1# - ENTRADA PRINCIPAL--NOME PESSOAL
Nome pessoal Ferreira, C.A.P.
100 1# - ENTRADA PRINCIPAL--NOME PESSOAL
Nome pessoal Sabogal, C.
110 1# - ENTRADA PRINCIPAL--NOME CORPORATIVO
Nome corporativo ou nome da jurisdição EMBRAPA Amazonia Oriental, Belem, PA (Brasil)
245 1# - TÍTULO
Título Cobertura florestal secundaria em pequenas propriedades rurais na amazonia: implicacoes para a agricultura de corte e queima
260 3# - PUBLICAÇÃO, DISTRIBUIÇÃO, ETC.
Local de publicação, distribuição, etc. Belem, PA (Brasil):
Data da publicação, distribuição, etc. 2000.
300 ## - DESCRIÇÃO FÍSICA
Extensão 43 p.
490 ## - TÍTULO DA SÉRIE
Título da série Comunicado Tecnico - EMBRAPA Amazonia Oriental (Brazil)
Número do volume ou designação sequencial da série no. 51
ISSN - International Standard Serial Number ISSN 1517-2201
500 ## - NOTA GERAL
Nota geral 5 tables; 27 ref.
650 ## - ASSUNTO--TERMO TÓPICO
Cabeçalho tópico ou nome geográfico Producao Florestal
650 ## - ASSUNTO--TERMO TÓPICO
Cabeçalho tópico ou nome geográfico Propriedade Rural
650 ## - ASSUNTO--TERMO TÓPICO
Cabeçalho tópico ou nome geográfico Pousio
650 ## - ASSUNTO--TERMO TÓPICO
Cabeçalho tópico ou nome geográfico Regeneracao
650 ## - ASSUNTO--TERMO TÓPICO
Cabeçalho tópico ou nome geográfico Floresta Secundaria
650 ## - ASSUNTO--TERMO TÓPICO
Cabeçalho tópico ou nome geográfico Corte
650 ## - ASSUNTO--TERMO TÓPICO
Cabeçalho tópico ou nome geográfico Queimada
909 ## -
-- 202312
-- Lúcia Elande
-- 55
-- Lúcia Elande
942 ## - ELEMENTOS DE ENTRADA ADICIONADOS (KOHA)
Fonte da classificação ou esquema de arquivamento na estante Classificação AGRIS
Ocultar no OPAC Não
Tipo de material Koha Monografia Seriada
Exemplares
Situação do descarte Fonte da classificação ou esquema de arquivamento na estante Situação física Não pode ser emprestado Coleção Biblioteca de origem Biblioteca atual Localização na estante Total de empréstimos Número de telefone completo Código de barras Data de último acesso Tipo de material Koha Fonte de aquisição
  Classificação AGRIS       Biblioteca Nacional de Agricultura - Binagri Biblioteca Nacional de Agricultura - Binagri Agrobase - Acervo Geral   K10 BR0103467 K10 BR0103467 18/12/2023 Monografia Seriada Portaria Interministerial nº 164/94

BINAGRI

Telefone: (61)3218-2567/2388/3357/2097 - binagri@agro.gov.br

Ministério da Agricultura e Pecuária , Esplanada dos Ministérios, Bloco D, Anexo B, Brasília/DF, CEP: 70.043-900